| 000 | 01274cab a2200193 4500 | ||
|---|---|---|---|
| 001 | L130028 | ||
| 008 | 050616n2005 000 0 eng u | ||
| 035 | _a(Sirsi) u130028 | ||
| 041 | _aeng | ||
| 100 | _aBaker, Chris | ||
| 245 | _aGreen belt alarm marks landmark | ||
| 260 | _c2005 | ||
| 490 |
_aPlanning (for the Natural and Built Environment) _v(1622) 3 June 2005, 8(1) |
||
| 520 | _aReviews the Campaign to Protect Rural England's (CPRE) report "Green belts 50 years on", which warns that green belts are now in greater need of protection 50 years after their introduction and that the biggest threat to them stems from government itself. Huge green belt areas could be taken over by the needs of the sustainable communities plan, the Northern Way strategy and the aviation white paper unless green belt policy is strengthened and enforced. CPRE believes that there is scope for eight new green belts in England. Presents a range of professional assessments of CPRE's proposals and comments by some of the local authorities responsible for the new green belts. | ||
| 590 | _aIKA210605 | ||
| 690 | _aENVIRONMENTAL AND LAND CONSULTANCY-PLANNING AND DEVELOPMENT | ||
| 856 |
_uhttps://www.cpre.org.uk _zView the report free of charge at www.cpre.org.uk |
||
| 942 | _n0 | ||
| 999 |
_c75403 _d75403 |
||